| 000 | 00671nam a2200229 i 4500 | ||
|---|---|---|---|
| 003 | DO-SdBNP | ||
| 005 | 20230623105536.0 | ||
| 007 | ta | ||
| 008 | 230623b1958 dr ||||| |||| 00| 0 spa d | ||
| 040 |
_aDO-SdBNP _bspa _cBNPHU _erda |
||
| 082 | 4 |
_bV393m _222 |
|
| 100 | _926932 | ||
| 245 | 1 | 0 |
_aMecanografía práctica : _bmetodo Vazquez / _cPedro R. Vázquez V. |
| 264 |
_aSantiago, República Dominicana : _bEl Diario, _c1945 |
||
| 300 |
_a179 páginas : _bilustrado ; _c25 cm. |
||
| 336 |
_2rdacontent _atexto _btxt |
||
| 337 |
_2rdamedia _asin mediación _bn |
||
| 338 |
_2rdacarrier _avolumen _bnc |
||
| 590 | _aInventariado, 2023/DG | ||
| 910 | _aDG | ||
| 942 |
_2ddc _cLBS1 |
||
| 999 |
_c53922 _d53922 |
||